000 00317nam a2200133 i 4500
001 bg
245 0 0 _aIV Sympozjum stolarki budowlanej.
_nT.2.
246 _aSympozjum stolarki budowlanej
260 _aWarszawa,
_c1987.
040 _cBPK
041 _apol
942 _cKS
008 s pl f |000 0 pol
999 _c23700
_d23700
856 _uhttp://koha.tu.koszalin.pl/cgi-bin/koha/opac-detail.pl?biblionumber=23700
_yKatalog online BPK